Sibi District 1907: Baluchistan District gazetteer series (Record no. 71429)
[ view plain ]
| 000 -LEADER | |
|---|---|
| fixed length control field | 01407cam a2200373 a 4500 |
| 001 - CONTROL NUMBER | |
| control field | 17535683 |
| 003 - CONTROL NUMBER IDENTIFIER | |
| control field | NUST - PNEC |
| 005 - DATE AND TIME OF LATEST TRANSACTION | |
| control field | 20170116181200.0 |
| 008 - FIXED-LENGTH DATA ELEMENTS--GENERAL INFORMATION | |
| fixed length control field | 121120r2011 pk b 000 0 eng |
| 010 ## - LIBRARY OF CONGRESS CONTROL NUMBER | |
| LC control number | 2012430916 |
| 020 ## - INTERNATIONAL STANDARD BOOK NUMBER | |
| International Standard Book Number | 9789693525519 |
| 020 ## - INTERNATIONAL STANDARD BOOK NUMBER | |
| International Standard Book Number | 9693525515 |
| 025 ## - OVERSEAS ACQUISITION NUMBER | |
| Overseas acquisition number | P-E-2012430916; 31 |
| 037 ## - SOURCE OF ACQUISITION | |
| Source of stock number/acquisition | Library of Congress -- Islamabad Overseas Office |
| Terms of availability | Rs 990 |
| 040 ## - CATALOGING SOURCE | |
| Original cataloging agency | DLC |
| Transcribing agency | LIBRARY |
| 042 ## - AUTHENTICATION CODE | |
| Authentication code | lcode |
| -- | pcc |
| 043 ## - GEOGRAPHIC AREA CODE | |
| Geographic area code | a-pk--- |
| 082 ## - DEWEY DECIMAL CLASSIFICATION NUMBER | |
| Classification number | 954.915 MCC |
| 100 ## - MAIN ENTRY--PERSONAL NAME | |
| 9 (RLIN) | 16338 |
| Personal name | Mcconaghey, I.A. |
| 245 00 - TITLE STATEMENT | |
| Title | Sibi District 1907: Baluchistan District gazetteer series |
| Statement of responsibility, etc. | compiled by A. McConaghey ; assisted by Rai Sahib Diwan Jamiat Rai. |
| 260 ## - PUBLICATION, DISTRIBUTION, ETC. | |
| Place of publication, distribution, etc. | Lahore : |
| Name of publisher, distributor, etc. | Sang-e-Meel Publications, |
| Date of publication, distribution, etc. | 2012. |
| 300 ## - PHYSICAL DESCRIPTION | |
| Extent | xvii, 385 p. ; |
| Dimensions | 24 cm. |
| 490 0# - SERIES STATEMENT | |
| Series statement | Baluchistan district gazetteer series |
| 500 ## - GENERAL NOTE | |
| General note | Reprint: Orginally published: Bombay : The Times Press, 1907. |
| 504 ## - BIBLIOGRAPHY, ETC. NOTE | |
| Bibliography, etc. note | Includes bibliographical references (p. 313-314). |
| 650 ## - SUBJECT ADDED ENTRY--TOPICAL TERM | |
| General subdivision | General |
| 651 #0 - SUBJECT ADDED ENTRY--GEOGRAPHIC NAME | |
| Geographic name | Sibi District (Pakistan) |
| 700 1# - ADDED ENTRY--PERSONAL NAME | |
| Personal name | McConaghey, A. |
| 700 1# - ADDED ENTRY--PERSONAL NAME | |
| Personal name | Rai, Rai Sáhib Diwán Jamiat. |
| 856 ## - ELECTRONIC LOCATION AND ACCESS | |
| Uniform Resource Identifier | <a href="http://www.amazon.com/Sibi-District-1907-Baluchistan-Gazetteer/dp/9693525515/ref=sr_1_1?s=books&ie=UTF8&qid=1455005522&sr=1-1&keywords=9693525515">http://www.amazon.com/Sibi-District-1907-Baluchistan-Gazetteer/dp/9693525515/ref=sr_1_1?s=books&ie=UTF8&qid=1455005522&sr=1-1&keywords=9693525515</a> |
| 906 ## - LOCAL DATA ELEMENT F, LDF (RLIN) | |
| a | 7 |
| b | cbc |
| c | origode |
| d | 3 |
| e | ncip |
| f | 20 |
| g | y-gencatlg |
| 942 ## - ADDED ENTRY ELEMENTS (KOHA) | |
| Source of classification or shelving scheme | |
| Koha item type | Book |
| Withdrawn status | Lost status | Source of classification or shelving scheme | Materials specified (bound volume or other part) | Damaged status | Not for loan | Permanent Location | Current Location | Shelving location | Date acquired | Source of acquisition | Cost, normal purchase price | Total Checkouts | Full call number | Barcode | Date last seen | Cost, replacement price | Price effective from | Koha item type |
|---|---|---|---|---|---|---|---|---|---|---|---|---|---|---|---|---|---|---|
| Hardbound | Pakistan Navy Engineering College (PNEC) | Pakistan Navy Engineering College (PNEC) | 12/09/2015 | Ayas Distributors/Library grant | 842.00 | 954.915 MCC | PNECLIB-032596 | 02/09/2016 | 842.00 | 12/09/2015 | Book |
